Paying the price for loss of light (Record no. 80386)
[ view plain ]
| 000 -LEADER | |
|---|---|
| fixed length control field | 01547cab a22003015a 4500 |
| 001 - CONTROL NUMBER | |
| control field | L144205 |
| 008 - FIXED-LENGTH DATA ELEMENTS--GENERAL INFORMATION | |
| fixed length control field | 080703s2008 xxk f g 000 0 eng d |
| 035 ## - SYSTEM CONTROL NUMBER | |
| System control number | (Sirsi) u144205 |
| 041 0# - LANGUAGE CODE | |
| Language code of text/sound track or separate title | eng |
| 100 1# - MAIN ENTRY--PERSONAL NAME | |
| Personal name | Pawlowski, Mark |
| 245 00 - TITLE STATEMENT | |
| Title | Paying the price for loss of light |
| 260 ## - PUBLICATION, DISTRIBUTION, ETC. | |
| Date of publication, distribution, etc. | 2008 |
| 490 ## - SERIES STATEMENT | |
| Series statement | Solicitors' Journal Property Supplement |
| 520 ## - SUMMARY, ETC. | |
| Summary, etc. | Article discusses how damages are assessed in right to light cases, with specific reference to Forsyth-Grant v Allen (L143263). Points brought up include the fact that damages for injury to a right to light is not limited to compensation for loss of light and amenity; that the court can award a share of developer's profit derived from the infringement to a claimant and that this is not the same as an account of profits in equity entitling the claimant to the entirety of the profit earned by a wrongdoer based on a claim in restitution. Illustrates the underlying basis of an injury to right to light as a nuisance claim only. |
| 590 ## - LOCAL NOTE (RLIN) | |
| Local note | KA |
| 650 24 - SUBJECT ADDED ENTRY--TOPICAL TERM | |
| Topical term or geographic name entry element | RIGHT TO LIGHT |
| 650 24 - SUBJECT ADDED ENTRY--TOPICAL TERM | |
| Topical term or geographic name entry element | FORSYTH-GRANT V ALLEN |
| 650 24 - SUBJECT ADDED ENTRY--TOPICAL TERM | |
| Topical term or geographic name entry element | STOKE-ON-TRENT CITY COUNCIL V W & J WASS LTD |
| 650 24 - SUBJECT ADDED ENTRY--TOPICAL TERM | |
| Topical term or geographic name entry element | CARR-SAUNDERS V MCNEIL ASSOCIATES |
| 650 24 - SUBJECT ADDED ENTRY--TOPICAL TERM | |
| Topical term or geographic name entry element | OUGH V KING |
| 650 24 - SUBJECT ADDED ENTRY--TOPICAL TERM | |
| Topical term or geographic name entry element | WROTHAM PARK ESTATE CO V PARKSIDE HOMES LTD |
| 650 24 - SUBJECT ADDED ENTRY--TOPICAL TERM | |
| Topical term or geographic name entry element | BRACEWELL V APPLEBY |
| 650 24 - SUBJECT ADDED ENTRY--TOPICAL TERM | |
| Topical term or geographic name entry element | AMEC DEVELOPMENTS LTD V JURY'S HOTEL MANAGEMENT (UK) LTD |
| 650 24 - SUBJECT ADDED ENTRY--TOPICAL TERM | |
| Topical term or geographic name entry element | A-G V BLAKE |
| 651 #4 - SUBJECT ADDED ENTRY--GEOGRAPHIC NAME | |
| Geographic name | United Kingdom |
| Chronological subdivision | |
| 690 ## - LOCAL SUBJECT ADDED ENTRY--TOPICAL TERM (OCLC, RLIN) | |
| Topical term or geographic name as entry element | PROPERTY-PROPERTY MANAGEMENT-EASEMENTS-RIGHTS TO LIGHT DETERMINATION |
| 942 ## - ADDED ENTRY ELEMENTS (KOHA) | |
| Suppress in OPAC | 0 |
| Withdrawn status | Lost status | Source of classification or shelving scheme | Damaged status | Not for loan | Home library | Current library | Shelving location | Date acquired | Total Checkouts | Full call number | Barcode | Date last seen | Copy number | Price effective from | Koha item type |
|---|---|---|---|---|---|---|---|---|---|---|---|---|---|---|---|
| Dewey Decimal Classification | London | London | Journal article | 03/07/2008 | L144205 | 144205-1001 | 06/08/2019 | 1 | 06/08/2019 | Journal article |